|
|
|
|
| LEADER |
00956nam a2200229 a 4500 |
| 001 |
3120317 |
| 008 |
100119s1967 pk ab b 000 0 eng d |
| 010 |
|
|
|a sa 68010186
|
| 040 |
|
|
|a DLC
|c DLC
|d DLC
|d DB-DhAAL
|
| 082 |
0 |
0 |
|a 312/.09549
|
| 245 |
1 |
0 |
|a Studies in the demography of Pakistan /
|c Contributions by Warren C. Robinson ... [et al.].
|
| 260 |
|
|
|a Karachi :
|b Pakistan Institute of Development Economics,
|c 1967.
|
| 300 |
|
|
|a 225 p. :
|b illus., maps. ;
|c 24 cm.
|
| 490 |
0 |
|
|a Special publications series
|
| 504 |
|
|
|a Includes bibliographies.
|
| 541 |
1 |
|
|e 00001279
|
| 651 |
|
0 |
|a Pakistan
|x Population.
|
| 700 |
1 |
|
|a Robinson, Warren C.,
|d 1928-
|
| 710 |
2 |
|
|a Pakistan Institute of Development Economics.
|
| 852 |
4 |
|
|a Ayesha Abed Library
|j General Shelf.
|
| 999 |
|
|
|c 7091
|d 7091
|
| 952 |
|
|
|0 0
|1 0
|2 ddc
|4 0
|6 312_095490000000000_STU_1967
|7 0
|9 7366
|a BRACUL
|b BRACUL
|c GEN
|d 2010-01-21
|g 0.00
|l 0
|o 312.09549 STU
|p 3010001279
|r 2010-01-21
|t 1
|w 2010-01-21
|y BK
|z Not price in Register
|